| Поле | Инд. | ПП | Название | Значение |
|---|---|---|---|---|
| Тип записи | a | |||
| Библиографический уровень | s | |||
| 001 | Контрольный номер | DU/618061694 | ||
| 005 | Дата корректировки | 20230516123305.2 | ||
| 008 | Кодируемые данные | 20190802 | ||
| 022 | 0_ | a | ISSN | 1726-6726 |
| 041 | a | Код языка текста | rus | |
| 084 | a | Индекс другой классификации/Индекс ББК | 74; 76.1 | |
| 090 | a | Полочн. индекс | 95.2+74 | |
| 245 | 10 | a | Заглавие | Университетская книга |
| n | Номер части/ раздела | №6/2019 | ||
| b | Продолж. заглавия | информационно-аналитический журнал | ||
| c | Ответственность | учредитель: ИД "Университетская книга"; гл. ред. Е. Бейлина | ||
| 260 | c | Дата издания | 2019 | |
| b | Издательство | Университетская книга | ||
| a | Место издания | Москва | ||
| 300 | a | Объем | 80 с. | |
| 500 | a | Примечание | Журнал | |
| a | Примечание | Тема номера: Библиотека как площадка для новых практик | ||
| 650 | 14 | a | Основная рубрика | образование |
| a | Основная рубрика | педагогика; книжное дело | ||
| 653 | 0_ | a | Ключевые слова | библиотеки вузов |
| a | Ключевые слова | библиотечные фонды | ||
| a | Ключевые слова | блокчейн | ||
| a | Ключевые слова | Россия | ||
| a | Ключевые слова | Северная Америка | ||
| a | Ключевые слова | смарт-контракты | ||
| a | Ключевые слова | электронные библиотеки | ||
| 773 | 18 | w | Контрольный № источника | 1f7557900ce34a9cad24e260b2bcf33b |
| 901 | t | Тип документа | s | |
| 952 | a | Тип литературы для КСУ ВШ | НЖ | |
| 991 | s | 6 |